00417nam a2200109Ia 4500008004100000100001600041245013800057260001600195300001200211650001600223856006800239160712s9999 xx 000 0 und d aRoy, Babul. cBabul RoyaMicrolithic Sites of Mandla (Madhya Pradesh: India) and the Problem of Schematic Generalisation in Prehistoric Archaeology c2012bHukay avol. 17 xARCHAEOLOGY uhttp://journals.upd.edu.ph/index.php/asp/issue/view/422/showToc